The three innocents and ors. (Record no. 141083)

MARC details
000 -LEADER
fixed length control field 00889nam a22002297a 4500
005 - DATE AND TIME OF LATEST TRANSACTION
control field 20230628105711.0
010 ## - LCCN (DPL NO)
LC control number 1718EN-30 ENG-118633 ENG-137190
020 ## - INTERNATIONAL STANDARD BOOK NUMBER
International Standard Book Number 9789385606083
Terms of availability 300.00
035 ## - SYSTEM CONTROL NUMBER
System control number EN-102165 EN-120722
035 ## - SYSTEM CONTROL NUMBER
System control number B-686199-200
037 ## - SOURCE OF ACQUISITION
Source of stock number/acquisition Asian
037 ## - SOURCE OF ACQUISITION
Source of stock number/acquisition DBAD/PUB
082 ## - DEWEY DECIMAL CLASSIFICATION NUMBER
Classification number 891.439871
100 ## - MAIN ENTRY--PERSONAL NAME
Personal name Chughtai, Ismat
245 ## - TITLE STATEMENT
Title The three innocents and ors.
Remainder of title chughtai on childhood /
Statement of responsibility, etc by Ismat Chughtai; translated by Tahira Naqvi
260 ## - PUBLICATION, DISTRIBUTION, ETC. (IMPRINT)
Place of publication, distribution, etc New Delhi
Name of publisher, distributor, etc Women Unlimited
Date of publication, distribution, etc 2017
270 ## - ADDRESS
Address 7/10, First Floor, Sarvapriya Vihar New Delhi-110016
300 ## - PHYSICAL DESCRIPTION
Extent ix,139p
Dimensions 22cm.(pbk)
700 ## - ADDED ENTRY--PERSONAL NAME
Personal name Naqvi, Tahira
942 ## - ADDED ENTRY ELEMENTS (KOHA)
Source of classification or shelving scheme Dewey Decimal Classification
Item type English Books
Classification part 891.439871
Call number suffix CHU
Holdings
Withdrawn status Lost status Not for loan Collection code Home library Current library Date acquired Source of acquisition Cost, normal purchase price Full call number Barcode Copy number Cost, replacement price Koha item type
      Non-fiction Ashok Vihar Ashok Vihar 20/01/2018 ABC/5278/5.12.17/BPPD/EN/2017-18/636/20.11.17/6.1.2018 300.00 891.439871 CHU B-686200 1 300.00 English Books
    Not For Loan Non-fiction D.B.Act.Division Bawana 14/06/2017 DBAD/PUB 300.00 891.439871 CHU EN-102165 1 300.00 English Books
      Non-fiction Bawana Bawana 28/06/2023 DBAD/PUB 300.00 891.439871 CHU EN-120722 1 300.00 English Books
      Non-fiction Central Library Central Library 20/01/2018 ABC/5278/5.12.17/BPPD/EN/2017-18/636/20.11.17/6.1.2018 300.00 891.439871 CHU B-686199 1 300.00 English Books

© Delhi Public Library
Hit Counter
free hit counter